Loading...
| Current Events | 1 | 10.00 | 100% | 0% | 0% |
| Fine Arts - Classical Music | 3 | 6.67 | 33% | 33% | 0% |
| Fine Arts - Other | 5 | 18.00 | 100% | 60% | 20% |
| Fine Arts - Painting and Sculpture | 5 | 10.00 | 80% | 20% | 0% |
| Geography | 1 | 10.00 | 0% | 100% | 0% |
| History - American | 6 | 15.00 | 100% | 50% | 0% |
| History - European | 6 | 13.33 | 100% | 33% | 0% |
| History - Other | 5 | 14.00 | 80% | 40% | 20% |
| History - World | 4 | 10.00 | 75% | 25% | 0% |
| Literature - American | 4 | 15.00 | 100% | 50% | 0% |
| Literature - British | 6 | 6.67 | 50% | 17% | 0% |
| Literature - European | 5 | 6.00 | 60% | 0% | 0% |
| Literature - World | 4 | 12.50 | 100% | 25% | 0% |
| Mythology | 5 | 14.00 | 80% | 60% | 0% |
| Other Academic | 1 | 10.00 | 0% | 100% | 0% |
| Philosophy | 7 | 11.43 | 100% | 14% | 0% |
| Pop Culture | 2 | 15.00 | 100% | 50% | 0% |
| Religion | 6 | 11.67 | 67% | 33% | 17% |
| Science - Biology | 4 | 15.00 | 100% | 50% | 0% |
| Science - Chemistry | 4 | 15.00 | 100% | 50% | 0% |
| Science - Other | 2 | 10.00 | 50% | 50% | 0% |
| Science - Physics | 4 | 12.50 | 75% | 50% | 0% |
| Social Science | 5 | 14.00 | 100% | 20% | 20% |